000 00374nam a2200145 i 4500
001 bg
100 1 _aBŁAŻEWICZ, Jacek
245 0 _aZłożoność obliczeniowa problemów kombinatorycznych /
_cJ. Błażewicz.
260 _aWarszawa,
_c1988.
040 _cBPK
041 _apol
080 _a519.1:681.322.06
942 _cKS
008 s pl f |000 0 pol
999 _c28680
_d28680
856 _uhttp://koha.tu.koszalin.pl/cgi-bin/koha/opac-detail.pl?biblionumber=28680
_yKatalog online BPK